Countries with Wild Lions - Statistics

General Stats
  • This quiz has been taken 26,610 times
    21,272 since last reset
  • The average score is 27 of 33
Answer Stats
Countries % Correct
South Africa
96%
D. R. Congo
93%
Kenya
92%
Niger
90%
Rep. of the Congo
90%
Zimbabwe
90%
Tanzania
89%
Zambia
89%
Nigeria
88%
Sudan
88%
Angola
87%
Botswana
86%
Ethiopia
86%
Namibia
86%
South Sudan
86%
Chad
85%
Mozambique
84%
Rwanda
84%
Somalia
84%
Uganda
84%
Ghana
80%
Cameroon
79%
Central African Republic
79%
Mali
79%
Benin
76%
Eswatini
75%
Senegal
74%
Malawi
73%
Guinea
72%
Ivory Coast
70%
Burkina Faso
69%
India
69%
Guinea-Bissau
66%
No matching quizzes found
Score Distribution
Percent of People with Each Score
Percentile by Number Answered
Your Score History
You have not taken this quiz since the last reset